02380nam a2200277 a 4500001001000000005001700010008004100027041000800068044000700076084002000083100004500103245009500148260006100243300005900304500036400363500006100727500089700788500011801685500001001803650005201813650005601865650003401921650004501955700005202000740005002052BRCA_253720190320203845.0261108s1863----sp-#---###---#000-0#spa-u aspa asp a153b.R58c18631 aCervantes Saavedra, Miguel ded1547-161610aEl Ingenioso Hidalgo Don Quijote de la Manchaccompuesto por Miguel de Cervantes Saavedra. aArgamasilla de Alba (España)bManuel Rivadeneyrac1863 a4 v.c14 cm.e1 carta plegable facsímil de Cervantes aContenido : v 1. Primera parte. Retrato de Cervantes. Advertencia del editor. Prólogo y diario de los viajes de Don Quijote por Hartzenbusch. Dedicatoria del autor. Prólogo del autor. Versos preliminares. Notas. Texto. -- v 2. Texto. Notas. -- v 3. Segunda parte. Dedicatoria del autor. Prólogo del autor. Notas. Texto. -- v 4. Texto. Notas. Apéndices aEdición : Corregida con especial estudio de la primera aSon conocidas de todos los cervantistas las numerosas enmiendas, correcciones y notas de Hartzenbusch, que revelan un minucioso estudio del texto del Quijote, al par que extensa cultura literaria. Pero, su excesivo afán de intrpducir variantes para corregir pasajes que creía oscuros, lo condujeron a modificar el texto hasta tal punto, que en algunos capítulos no lo conocería su mismo autor. Con todo, supo distinguir la segunda edición de Cuesta de la primera, y enmendó acertadamente muchos pasajes dudosos, como el del robo del rucio, a pesar de que la mayoría de los demás procedió equivocada y arbitrariamente. En los apéndices publicó la famosa Epístola de Cervantes a Mateo Vázquez. Digna de alabanza es la imprtesión, hecha con hermosos tipos y excelente papel. Bonito ejemplar. Semipiel; lomeras decoradas con florones y filetes dorados Lúdovik Osterc aEstado físico : Incluye dedicatoria a la Excma. Doña Josefa Marín de Pérez Seonne. Condesa Viuda de Velle aQM13814aNovela españolayÉpoca clásica, 1500-170014aLiteratura españolayÉpoca clásica, 1500-170014aNovela españolaySiglo XVII14aDon Quijote (Personaje ficticio)eNovela1 aHartzenbusch, Juan Eugeniod1806-1880eAnotador0 aEl Ingenioso Hidalgo Don Quijote de la Mancha